| 000 | 01117nam a2200253 i 4500 | ||
|---|---|---|---|
| 001 | 20022 | ||
| 003 | ES-MaACL | ||
| 005 | 20230906152221.0 | ||
| 007 | t| | ||
| 008 | 021112s1873 sp ||||1| spa d | ||
| 080 | _a34(460.15) | ||
| 100 | 1 |
_aArrese, Julián de. _923264 |
|
| 245 | 1 | 0 |
_aDescentralización universal o El Fuero vascongado aplicado a todas las provincias : _bcon un examen comparativo de las instituciones vascongadas, suizas y americanas / _cJulián Arrese. |
| 260 |
_aMadrid : _bLibrería de Victoriano Suárez, _c1873 ( _fImp. de José María Pérez) |
||
| 300 |
_a281 p. ; _c18 cm. |
||
| 530 | _aDisponible en formato digital. | ||
| 650 |
_aFueros- _zPaís Vasco. _912994 |
||
| 650 |
_aDescentralización administrativa- _zPaís Vasco. _9173107 |
||
| 740 | 3 | 2 | _aEl Fuero vascongado aplicado a todas las provincias. |
| 852 |
_aES-MaACL _jD-1542(1) _z- Enc. con otras obras |
||
| 852 |
_aES-MaACL _jD-3770 |
||
| 856 |
_uhttps://bvpb.mcu.es/es/consulta/registro.do?id=440605 _zBiblioteca Virtual del Patrimonio Bibliográfico |
||
| 856 | _uhttp://hdl.handle.net/10357/1472zMemoria Digital Vasca | ||
| 999 |
_c20022 _d20022 |
||